Entrepreneurship : (Record no. 156752)

MARC details
000 -LEADER
fixed length control field 00734nam a22002057a 4500
005 - DATE AND TIME OF LATEST TRANSACTION
control field 20180904114404.0
010 ## - LCCN (DPL NO)
LC control number ENG-123922
020 ## - INTERNATIONAL STANDARD BOOK NUMBER
Terms of availability 299.00
International Standard Book Number 9788192854441
035 ## - SYSTEM CONTROL NUMBER
System control number EN-107454
037 ## - SOURCE OF ACQUISITION
Source of stock number/acquisition DBAD/PUB
082 ## - DEWEY DECIMAL CLASSIFICATION NUMBER
Classification number 338.04
100 ## - MAIN ENTRY--PERSONAL NAME
Personal name Rath, Pranabananda
245 ## - TITLE STATEMENT
Title Entrepreneurship :
Statement of responsibility, etc by Pranabananda Rath [and] Sarjue Pandita
Remainder of title start up india & stand up india /
260 ## - PUBLICATION, DISTRIBUTION, ETC. (IMPRINT)
Date of publication, distribution, etc 2017
Name of publisher, distributor, etc Lexicon Publishing House
Place of publication, distribution, etc Delhi
270 ## - ADDRESS
Address Plot No. 289, Shri Ram Mandir Lane, Sant Nagar Ext., J.D. Farm,
City Delhi
Postal code 110084
300 ## - PHYSICAL DESCRIPTION
Dimensions 23cm.(pbk.)
Extent xii,236p.
Other physical details ill.(pictures, tables)
500 ## - GENERAL NOTE
General note It includes abbreviation and bibliography
700 ## - ADDED ENTRY--PERSONAL NAME
Personal name Pandita, Sarjue
942 ## - ADDED ENTRY ELEMENTS (KOHA)
Item type English Books
Source of classification or shelving scheme Dewey Decimal Classification
Call number suffix RAT
Classification part 338.04
Holdings
Withdrawn status Lost status Not for loan Collection code Home library Current library Date acquired Source of acquisition Cost, normal purchase price Full call number Barcode Copy number Cost, replacement price Koha item type
    Not For Loan Non-fiction D.B.Act.Division Bawana 31/08/2018 DBAD/PUB 299.00 338.04 RAT EN-107454 1 299.00 English Books

© Delhi Public Library
Hit Counter
free hit counter